Normal view MARC view

Entry Personal Name

Number of records used in: 1

001 - CONTROL NUMBER

  • control field: 1237044

003 - CONTROL NUMBER IDENTIFIER

  • control field: OSt

005 - DATE AND TIME OF LATEST TRANSACTION

  • control field: 20260430150304.0

008 - FIXED-LENGTH DATA ELEMENTS

  • fixed length control field: 260430|| aca||aabn | a|a d

040 ## - CATALOGING SOURCE

  • Original cataloging agency: OSt
  • Transcribing agency: OSt

100 ## - HEADING--PERSONAL NAME

  • Personal name: University of Delhi. Faculty of Arts. Deptt.of Library and Information Science

670 ## - SOURCE DATA FOUND

  • Source citation: Work cat.: (OSt)1849427: Sharma Sandeep Au.; Manish Kumar Gu. 1237043, Awareness and Use of Anti-Plagiarism Methods by Faculty Members and Research Scholars of Select Central Universities of North India : A Study, 2024
Copyright @ Delhi University Library System